000 00809nam a2200265 4500
003 OSt
005 20260530115311.0
008 260507b1997 nyua|||| |||| 00| 0 eng d
020 _a156898118X
020 _a9781568981185
040 _aICI
_bspa
_cICI
041 _aeng
050 _aT10.5
_bM56
100 1 _aMijksenaar, Paul,
_eautor
_932861
245 1 0 _aVisual function :
_ban introduction to information design /
_cPaul Mijksenaar
264 1 _aNew York :
_bPrinceton Architectural Press,
_c1997
300 _a56 páginas :
_bilustraciones
336 _atexto
_2rdacontent
337 _asin medio
_2rdamedia
338 _avolumen
_2rdacarrier
650 4 _aComunicación de la información técnica
_932862
650 4 _aComunicación visual
650 4 _aManuales técnicos
942 _2lcc
_cBK
_n1
999 _c13367
_d13367